|
|
|
|
| LEADER |
00000nam0a2200000 4500 |
| 001 |
88022 |
| 005 |
20231031102501.0 |
| 010 |
|
|
|a 5769207051
|
| 035 |
|
|
|a (RuTPU)RU\TPU\book\94501
|
| 090 |
|
|
|a 88022
|
| 100 |
|
|
|a 20051220d2004 k y0rusy50 ca
|
| 101 |
0 |
|
|a rus
|
| 102 |
|
|
|a RU
|
| 105 |
|
|
|a a z 001zy
|
| 200 |
1 |
|
|a Пористые композиты на основе оксид-алюминиевых керметов
|e синтез и свойства
|f С. Ф. Тихов [и др.]
|g Российская академия наук (РАН), Сибирское отделение (СО), Институт катализа им. Г. К. Борескова (ИК) ; под ред. В. Ю. Гаврилова
|
| 210 |
|
|
|a Новосибирск
|c Изд-во СО РАН
|d 2004
|
| 215 |
|
|
|a 205 с.
|c ил.
|
| 320 |
|
|
|a Библиогр.: с. 184-199.
|
| 330 |
|
|
|a Монография посвящена физико-химическим основам синтеза пористых керамометаллов (керметов): А1203/А1, Ме/А1203/А1, МеОх/А1203/А1 и керамических композитов на их основе, получаемых при гидротермальном окислении порошкообразного алюминия с последующей термообработкой на воздухе. Содержание монографии включает как детальное описание всех стадий синтеза, так и основные свойства композитов (механические, текстурные, теплофизические и каталитические). При анализе результатов особое внимание уделено взаимосвязи параметров синтеза со свойствами получаемых керметов. Получен ряд кинетических и балансовых уравнений, а также корреляций, позволяющих прогнозировать свойства композитных материалов. Монография не имеет аналогов в Российской Федерации и за рубежом, основана преимущественно на результатах исследований авторского коллектива за последние 15 лет. Книга отчасти носит справочный характер, поскольку здесь представлены обобщающие таблицы, диаграммы, графики, а также имеет свойства учебного пособия, полезного для специалистов в области приготовления пористых материалов, технологов, студентов и аспирантов химико-технологических специальностей.
|
| 610 |
1 |
|
|a металловедение
|
| 610 |
1 |
|
|a алюминиевые порошки
|
| 610 |
1 |
|
|a свойства
|
| 610 |
1 |
|
|a оксидные пленки
|
| 610 |
1 |
|
|a структура
|
| 610 |
1 |
|
|a полиморфные превращения
|
| 610 |
1 |
|
|a химическое взаимодействие
|
| 610 |
1 |
|
|a реакции
|
| 610 |
1 |
|
|a кинетика
|
| 610 |
1 |
|
|a механизмы
|
| 610 |
1 |
|
|a гидротермальный синтез
|
| 610 |
1 |
|
|a пористые керамометаллы
|
| 610 |
1 |
|
|a механическая прочность
|
| 610 |
1 |
|
|a композиты
|
| 610 |
1 |
|
|a текстурные характеристики
|
| 610 |
1 |
|
|a физико-химические свойства
|
| 675 |
|
|
|a 669.018.9
|v 3
|
| 701 |
|
1 |
|a Тихов
|b С. Ф.
|g Сергей Федорович
|
| 701 |
|
1 |
|a Романенков
|b В. Е.
|g Владимир Евгеньевич
|
| 701 |
|
1 |
|a Садыков
|b В. А.
|
| 701 |
|
1 |
|a Пармон
|b В. Н.
|g Валентин Николаевич
|
| 701 |
|
1 |
|a Ратько
|b А. И.
|
| 702 |
|
1 |
|a Гаврилов
|b В. Ю.
|4 340
|
| 712 |
0 |
2 |
|a Российская академия наук (РАН)
|b Сибирское отделение (СО)
|b Институт катализа им. Г. К. Борескова (ИК)
|c (Новосибирск)
|2 stltpush
|3 (RuTPU)RU\TPU\col\325
|
| 801 |
|
1 |
|a RU
|b 63413507
|c 20051220
|g PSBO
|
| 801 |
|
2 |
|a RU
|b 63413507
|c 20190702
|g PSBO
|
| 942 |
|
|
|c BK
|
| 959 |
|
|
|a 113/20051219
|d 1
|e 340
|f НФ:1
|